000 00855nam a2200193Ia 4500
008 151119s9999||||xx |||||||||||||| ||und||
082 _a336.2
082 _bGKKV18058
100 _aगोडबोले अरुण
245 _aपगारातून आयकरकपात मार्गदशिका आर्थिक वर्ष २०००-२००९
260 _a--
260 _b--
260 _c0
600 _aगोडबोले अरुण
630 _aपगारातून आयकरकपात मार्गदशिका आर्थिक वर्ष २०००-२००९
700 _aगोडबोले अरुण
730 _aपगारातून आयकरकपात मार्गदशिका आर्थिक वर्ष २०००-२००९
942 _cBOOK
999 _c1071150
_d1071147